Códice Xólotl /
El Códice Xólotl es un códice texcocano posthispánico, aunque hecho con técnica indígena. Su contenido es de carácter histórico, relatando la historia de los reyes texcocanos, desde Amaculi Xólotl hasta Nezahuálcoyotl. Fue la principal fuente de Fernando de Alva Ixtlixóchitl para la elaboración de l...
محفوظ في:
| المؤلف الرئيسي: | |
|---|---|
| مؤلفون آخرون: | |
| التنسيق: | كتاب |
| اللغة: | الإسبانية |
| سلاسل: | (Primera Serie ;
22) |
| الموضوعات: | |
| الوسوم: |
لا توجد وسوم, كن أول من يضع وسما على هذه التسجيلة!
|
MARC
| LEADER | 00000nam^a2200000^a^4500 | ||
|---|---|---|---|
| 001 | 000111503 | ||
| 005 | 20250526000000.0 | ||
| 009 | 20260310093833.494 | ||
| 037 | |a Acervo ITESO - Biblioteca | ||
| 041 | |a ESP | ||
| 082 | |a 972. 01 |b COD XOL | ||
| 100 | |a Dibble, Charles E. |e (autor) | ||
| 240 | 1 | 1 | |a [Códice Xólotl] |
| 245 | 1 | 0 | |a Códice Xólotl / |c Ed., estudio y ap. de C.E. Dibble ; pref. de Rafael García Granados. |
| 264 | |a México : |b UNAM, Instituto de Historia ; |a Utah, EUA : |b University of Utah, |c 1951 | ||
| 300 | |a 166 p. ; |c 34.5 cm. | ||
| 440 | 1 | |a (Primera Serie ; |v 22) | |
| 520 | |a El Códice Xólotl es un códice texcocano posthispánico, aunque hecho con técnica indígena. Su contenido es de carácter histórico, relatando la historia de los reyes texcocanos, desde Amaculi Xólotl hasta Nezahuálcoyotl. Fue la principal fuente de Fernando de Alva Ixtlixóchitl para la elaboración de la Historia chichimeca. Se encuentra en la Biblioteca Nacional de París. | ||
| 649 | |a XX | ||
| 650 | |a Códices Prehispánicos - |z México - |x Tema Principal | ||
| 650 | |a Códices Prehispánicos - |z México - |x Historia y Crítica - |x Tema Principal | ||
| 650 | |a Nahuas - |x Historia | ||
| 650 | |a Indígenas de México - |x Historia - |y Epoca Prehispánica | ||
| 650 | |a Texcoco, México (Estado) - |x Historia - |y Epoca Prehispánica - |x Tema Principal | ||
| 650 | |a México - |x Historia - |y Epoca Prehispánica | ||
| 700 | |a García Granados, Rafael |e (prefacio) | ||
| 910 | |a Fondo Salvador Reynoso Reynoso | ||
| 920 | |a Impresos - Libros | ||
| 930 | |a Libros Antiguos y Raros | ||
| 905 | |a 108 | ||
| 901 | |a 0800000879 |b IT2 |c LRA |u 20250526 | ||
| 902 | |a https://opac.biblio.iteso.mx/vufind/Record/000111503 | ||